[Event "Pattaya CAD op"]
[Site "Pattaya"]
[Date "2023.04.02"]
[Round "3"]
[White "Burbach, Bruno"]
[Black "Yindee, Wanida"]
[Result "1-0"]
[WhiteElo "1509"]
[BlackElo "1186"]
[PlyCount "55"]
[EventDate "2023.04.01"]
[EventType "swiss"]
[EventRounds "7"]
[EventCountry "THA"]
[SourceTitle "CBM 213 Extra"]
[Source "ChessBase"]
[SourceDate "2023.05.31"]
[SourceVersion "1"]
[SourceVersionDate "2023.05.31"]
[SourceQuality "1"]

1. b3 e5 2. Bb2 Nc6 3. e3 d6 4. d4 exd4 5. exd4 d5 6. Bb5 Nf6 7. Qe2+ Be6 8. Nf3 a6 9. Bxc6+ bxc6 10. Ne5 c5 11. f4 Be7 12. dxc5 0-0 13. b4 Re8 14. 0-0 Nd7 15. f5 Nxe5 16. fxe6 Bf6 17. Bxe5 Rxe6 18. Bxf6 Qxf6 19. Rxf6 Rxe2 20. Rf5 Re1+ 21. Rf1 Rae8 22. Nc3 Rxa1 23. Rxa1 d4 24. Nd5 c6 25. Nc7 Re2 26. Rc1 Kf8 27. Nxa6 Ke7 28. Nb8 1-0

[Event "THA-chT"]
[Site "Bangkok"]
[Date "2019.12.17"]
[Round "4.3"]
[White "Alriyami, Faris Rashid"]
[Black "Burbach, Bruno"]
[Result "1-0"]
[WhiteElo "1632"]
[BlackElo "1469"]
[PlyCount "73"]
[EventDate "2019.12.16"]
[EventType "team-swiss"]
[EventRounds "9"]
[EventCountry "THA"]
[SourceTitle "EXT 2021"]
[Source "ChessBase"]
[SourceDate "2020.10.23"]
[SourceVersion "1"]
[SourceVersionDate "2020.10.23"]
[SourceQuality "1"]
[WhiteTeam "Red Knight CC"]
[BlackTeam "Pattaya Knightmares"]
[WhiteTeamCountry "THA"]
[BlackTeamCountry "THA"]

1. e4 d5 2. exd5 Qxd5 3. Nc3 Qd8 4. d4 Nf6 5. Bc4 Bf5 6. Nf3 e6 7. 0-0 Be7 8. Re1 c6 9. Bf4 0-0 10. Qe2 Nd5 11. Nxd5 cxd5 12. Bd3 Bxd3 13. Qxd3 Nc6 14. c3 h6 15. h3 a6 16. Nh2 Bd6 17. Bxd6 Qxd6 18. Ng4 Ne7 19. Ne5 Nc6 20. f4 Nxe5 21. fxe5 Qb6 22. Re2 f5 23. exf6 Rxf6 24. Qg3 Rd8 25. Rae1 Qd6 26. Re5 Rf5 27. Qg6 Rf6 28. Qg4 Re8 29. Qh5 Qe7 30. Rxd5 Qf7 31. Qxf7+ Kxf7 32. Rd7+ Re7 33. Rxe7+ Kxe7 34. d5 Kd6 35. Rxe6+ Rxe6 36. dxe6 Kxe6 37. Kf2 1-0

[Event "THA Amatuer-ch"]
[Site "Thailand"]
[Date "2019.02.18"]
[Round "3"]
[White "Burbach, Bruno"]
[Black "Techamuanvivit, Pawit Cooper"]
[Result "1-0"]
[WhiteElo "1508"]
[BlackElo "1135"]
[PlyCount "127"]
[EventDate "2019.02.16"]
[EventType "swiss"]
[EventRounds "7"]
[EventCountry "THA"]
[SourceTitle "CBM 189 Extra"]
[Source "ChessBase"]
[SourceDate "2019.06.03"]
[SourceVersion "1"]
[SourceVersionDate "2019.06.03"]
[SourceQuality "1"]

1. e4 e5 2. d4 exd4 3. Nf3 d6 4. Nxd4 Nf6 5. Bd3 g6 6. Qe2 Bg7 7. e5 dxe5 8. Qxe5+ Qe7 9. Qxe7+ Kxe7 10. 0-0 Re8 11. Nb5 Na6 12. N1c3 c6 13. Re1+ Kf8 14. Rxe8+ Nxe8 15. Na3 Bd7 16. Nd1 Nf6 17. c3 Re8 18. Ne3 Nc5 19. Bc2 Nd5 20. Kf1 Nf4 21. Nec4 Nfd3 22. Be3 Bf5 23. Bxc5+ Nxc5 24. Bxf5 gxf5 25. Nd6 Re5 26. Re1 Rxe1+ 27. Kxe1 Nd3+ 28. Kd2 Nxb2 29. Nxb7 Na4 30. Nb1 Ke7 31. Na5 Kd6 32. Nb3 Kd5 33. Kd3 c5 34. c4+ Kd6 35. N3d2 Bd4 36. f3 Bg1 37. h3 Ke5 38. Nc3 Nb6 39. Ne2 Bf2 40. Nc3 f4 41. Nce4 Be3 42. Nf1 Bd4 43. Ng5 Na4 44. Nd2 f5 45. Nxh7 Ke6 46. Nf8+ Kf7 47. Nd7 Ke7 48. Nb8 Kd6 49. Nb3 Be3 50. Na5 Kc7 51. Nbc6 Kb6 52. h4 Bc1 53. Kc2 Bb2 54. Kb3 a6 55. Kxa4 Bf6 56. h5 Bg5 57. Ne5 Bh6 58. Nf7 Bg7 59. h6 Bf6 60. h7 Bg7 61. h8Q Bxh8 62. Nxh8 Kc7 63. Ng6 Kd6 64. Nxf4 1-0

[Event "Vientiane op"]
[Site "Vientiane"]
[Date "2018.12.21"]
[Round "7"]
[White "Burbach, Bruno"]
[Black "Tan, Yong Xi Rey Matthew"]
[Result "1/2-1/2"]
[WhiteElo "1504"]
[BlackElo "1257"]
[PlyCount "35"]
[EventDate "2018.12.18"]
[EventType "swiss"]
[EventRounds "9"]
[EventCountry "LAO"]
[SourceTitle "CBM 187 Extra"]
[Source "ChessBase"]
[SourceDate "2018.11.04"]
[SourceVersion "1"]
[SourceVersionDate "2018.11.04"]
[SourceQuality "1"]

1. e3 d5 2. d4 Nf6 3. Nf3 Bf5 4. Bd3 Bxd3 5. Qxd3 c6 6. 0-0 e6 7. b3 Nbd7 8. c4 Bd6 9. Ba3 Qe7 10. Bxd6 Qxd6 11. c5 Qe7 12. Nbd2 0-0 13. b4 a6 14. a4 e5 15. Nxe5 Nxe5 16. dxe5 Qxe5 17. Qd4 Qe7 18. a5 1/2-1/2

[Event "Laos op"]
[Site "Vientiane"]
[Date "2018.01.06"]
[Round "7"]
[White "Burbach, Brunel Baron"]
[Black "Burbach, Bruno"]
[Result "1/2-1/2"]
[WhiteElo "1408"]
[BlackElo "1540"]
[PlyCount "69"]
[EventDate "2018.01.03"]
[EventType "swiss"]
[EventRounds "9"]
[EventCountry "LAO"]
[SourceTitle "CBM 182 Extra"]
[Source "ChessBase"]
[SourceDate "2018.02.23"]
[SourceVersion "1"]
[SourceVersionDate "2018.02.23"]
[SourceQuality "1"]

1. e4 d5 2. exd5 Qxd5 3. Nc3 Qd8 4. d4 Nf6 5. Bc4 Bf5 6. Nf3 e6 7. Bg5 h6 8. Bf4 Bd6 9. Bxd6 Qxd6 10. Qd2 Ne4 11. Qe3 Nxc3 12. Qxc3 Nd7 13. 0-0-0 Qf4+ 14. Kb1 0-0-0 15. d5 Qg4 16. Rhg1 Rhg8 17. h3 Qg6 18. Nh4 Qf6 19. Nxf5 exf5 20. d6 Qxc3 21. bxc3 Rgf8 22. dxc7 Kxc7 23. Rge1 f6 24. Re7 Kc6 25. Rxg7 Ne5 26. Be2 Rxd1+ 27. Bxd1 Rf7 28. Bf3+ Kb6 29. Rg8 Nxf3 30. gxf3 Kc5 31. Rg6 Rc7 32. Rxf6 Rc6 33. Rxc6+ bxc6 34. c4 Kxc4 35. Kb2 1/2-1/2